| 000 | 00537nam a2200193Ia 4500 | ||
|---|---|---|---|
| 003 | GCL | ||
| 008 | 140319s9999 xx 000 0 eng d | ||
| 040 |
_aGCL / _cGCL |
||
| 082 | 0 | 4 |
_a915.332 _bB B |
| 100 | 1 | _aBEL, JOSE - MARIE | |
| 245 | 1 | 0 |
_aBOTANIWUE AU PAYS DE L'ENCENS: PERIPLE AU YEMEN / _cBEL, JOSE - MARIE |
| 700 | 1 | _aMONOD, THEODERE | |
| 260 |
_a[S.N] : _bSOLIBEL - APAY ، _c1996 |
||
| 300 | _a143 P | ||
| 650 | 0 | 4 | _aYEMEN - GEOGRAPHY |
| 650 | 0 | 4 | _aGEOGRAPHY |
| 650 | 0 | 4 | _aYEMEN - DESCRIPTION AND TRAVEL |
| 942 |
_2ddc _cBK |
||
| 999 |
_c16446 _d16446 |
||